The preacher's complete homiletic commentary; vol. 24. (Record no. 1332)

000 -LEADER
fixed length control field 00581nam a2200181 a 4500
001 - CONTROL NUMBER
control field :::00017501$&:&@@
003 - CONTROL NUMBER IDENTIFIER
control field OkBaRHE
005 - DATE AND TIME OF LATEST TRANSACTION
control field 20100326153917.0
008 - FIXED-LENGTH DATA ELEMENTS--GENERAL INFORMATION
fixed length control field s1986 j 000 0 eng u
040 ## - CATALOGING SOURCE
Transcribing agency
100 1# - MAIN ENTRY--PERSONAL NAME
Personal name Exell, Joseph S. and Leale, Thomas H.
245 14 - TITLE STATEMENT
Title The preacher's complete homiletic commentary; vol. 24.
260 ## - PUBLICATION, DISTRIBUTION, ETC. (IMPRINT)
Place of publication, distribution, etc Grand Rapids, MI., :
Name of publisher, distributor, etc Baker Book House
Date of publication, distribution, etc 1986
300 ## - PHYSICAL DESCRIPTION
Extent v. (1-31)
650 ## - SUBJECT ADDED ENTRY--TOPICAL TERM
Topical term or geographic name as entry element Bible
General subdivision Commentaries
942 ## - ADDED ENTRY ELEMENTS (KOHA)
Source of classification or shelving scheme
Koha item type Books
Copies
Barcode Damaged status Permanent Location Date last seen Shelving location Koha item type Lost status Not for loan Copy number Price effective from Date acquired Source of classification or shelving scheme Collection code Full call number Withdrawn status
17501 RHEMA Bible Training College2010-04-14General StacksBooks  12010-04-142010-04-14 ReferenceBS 491 .E1